000 00639nam a2200169 a 4500
008 170504s2016 ||||||||||||||||| || u
020 _a9781473912991
050 _aBF 636.6 Nel
100 _aNelson-Jones, Richard
245 1 0 _aBasic councelling skills: a helpers manual
_cBy Richard Nelson-Jones
250 _a4th ed.
260 _aLos Angeles:
_bSAGE Publications
_c2016
300 _axvii, 199p.: ill.
350 _a31.08
650 _aCOUNSELLING
995 _aMEDICAL LIBRARY OPEN ACCESS
_e904025
_FCBU-SCHOOL OF MEDICINE LIBRARY (Ndola)
_I31.08
_jBF 636.6 Nel
_M1
_UAVAILABLE
_WMay 4, 2017
_y904025
_ZMedical Library Open Access Collection
999 _c30823
_d30823